00346nam a2200109Ia 4500008004100000020001800041040002900059050002700088100003900115245005100154260003100205230222s9999||||xx |||||||||||||| ||und|| a0-07-245007-x cChuka University Library aBSL TP 155.7bD38 2003 aDavis, Mark E. and Robert J. Davis 0aFundamentals of chemical reaction engineering  aMcgraw HillbBoston c2003